|
|
|
|
| LEADER |
00943nam a2200241 a 4500 |
| 001 |
3418 |
| 003 |
BD-DhAAL |
| 008 |
090430s1984 stka 000 0 eng d |
| 999 |
|
|
|c 298
|d 298
|
| 010 |
|
|
|a 83014261
|
| 020 |
|
|
|a 0443026742 :
|c £1.50
|
| 040 |
|
|
|a DLC
|c DLC
|d DLC
|d OCoLC
|d BD-DhAAL
|
| 082 |
0 |
0 |
|a 616.238
|2 19
|
| 100 |
1 |
|
|a Clark, T. J. H.
|q (Timothy John Hayes)
|9 41627
|
| 245 |
1 |
0 |
|a Adult asthma /
|c T.J.H. Clark ; cartoons by David Nathanson.
|
| 260 |
|
|
|a Edinburgh ;
|a New York :
|b Churchill Livingstone,
|c 1984.
|
| 300 |
|
|
|a v, 72 pages :
|b illustrations ;
|c 19 cm.
|
| 490 |
0 |
|
|a Churchill Livingstone patient handbook ;
|v 16
|
| 541 |
1 |
|
|e 3418
|
| 650 |
|
0 |
|a Asthma.
|9 41628
|
| 852 |
|
|
|a Ayesha Abed Library
|c General Stacks
|
| 942 |
|
|
|2 ddc
|c BK
|
| 952 |
|
|
|0 0
|1 0
|2 ddc
|4 0
|6 616_238000000000000_CLA_1984
|7 0
|9 275
|a BRACUL
|b BRACUL
|c GEN
|d 2009-04-30
|g 0.00
|l 0
|o 616.238 CLA
|p 3010003418
|r 2009-04-30
|t 1
|w 2009-04-30
|y BK
|x No price found in the accession register.
|